Score 0/16 Timer 04:00
0 Plays Today
Hint Answer % Correct
NY State of ______Mind
96%
Take the ___ TrainA
69.7%
No Sleep Till _______Brooklyn
61.2%
____ State of MindEmpire
55.2%
On _________Broadway
52.6%
The 59th Street ______ Song (Feelin' Groovy)Bridge
47.4%
I'm Waiting for the ____Man
43.4%
______ ShuffleHarlem
41.6%
Hint Answer % Correct
Living for the _____City
41%
Tom's ______Diner
34.1%
Rockaway ______Beach
32.9%
Positively ___ Street4th
31.8%
______ to New YorkWelcome
26.9%
Mona Lisas and Mad ______Hatters
26.3%
Christmas in ______Hollis
17.6%
Across ____ Street110th
10.6%

Today's Daily Dose

Remove Ads.
Support Sporcle.
Get the best of Sporcle when you Go Orange. This ad-free experience offers more features, more stats, and more fun while also helping to support Sporcle. Thank you for becoming a member.

You're not logged in!

Compare scores with friends on all Sporcle quizzes.
OR
Log In

Show Comments

Extras

Top Quizzes Today


Score Distribution

Your Account Isn't Verified!

In order to create a playlist on Sporcle, you need to verify the email address you used during registration. Go to your Sporcle Settings to finish the process.

Report this User

Report this user for behavior that violates our Community Guidelines.

Details: